| 000 | 01184nam a2200241Ia 4500 | ||
|---|---|---|---|
| 003 | OSt | ||
| 005 | 20211207123803.0 | ||
| 008 | 210310s1964 mx gr 000 0 spa d | ||
| 040 |
_aCO-JMCR _cCO-JMCR |
||
| 041 | 0 | _aspa | |
| 082 | 0 | 4 |
_a332.673 / _bM636m _223 |
| 100 | 1 |
_aMikesell, Raymond F., _eautor _929311 |
|
| 245 | 1 | 0 |
_aMecanismos de ayuda económica externa / _cRaymond F. Mikesell |
| 250 | _aPrimera edición | ||
| 260 |
_aMéxico : _bPanamerica, _c1964. |
||
| 300 |
_a265 páginas ; _c21 cm. |
||
| 501 | _aCon: notas a pie de página. | ||
| 505 | 0 | _aClasificación y análisis de los préstamos públicos al exterior y funciones que desempañan. -- Instituciones políticas de crédito al extranjero. -- Problemas y políticas en materia de préstamos públicos para el desarrollo económico. -- La capacidad de absorción de capital como limitaciones de los préstamos para desarrollo económico. -- La capacidad para atender el servicio de la deuda exterior. -- | |
| 650 | 1 | 4 |
_aDesarrollo económico _xPolíticas _941770 |
| 650 | 2 | 4 |
_aPréstamos _xDesarrollo económico _941771 |
| 650 | 2 | 4 |
_aCrédito al extranjero _xDesarrolló económico _941772 |
| 942 |
_2ddc _cBK |
||
| 999 |
_c12822 _d12822 |
||